000 00836cam a22002897a 4500
003 CHAP
005 20220329134944.0
008 971013s1976 r 00010 d
010 _a28641
011 _a29613
035 _a33724
040 _cCHAP
082 _a174
_bL3 1976
100 0 0 _aLarroyo, Francisco.
_964967
245 1 4 _aLos principios de la ética social
250 _a15 ed.
260 _aMéxico :
_bPorrúa,
_c1976
300 _a352 p.
_b: ilus.
590 _aBATCH-UPD
_b10
_c20130110
_lUCH01
_h0936
590 _aBATCH-UPD
_b10
_c20130410
_lUCH01
_h0554
590 _aBATCH-UPD
_b10
_c20130914
_lUCH01
_h1715
590 _aCONVERSION
_b10
_c20130109
_lUCH01
_h1316
650 1 4 _aÉtica profesional.
_982781
901 _aBK
942 _cLIBRO
949 _a174 L3 1976
_bBC
_cLIBRO
_d-78396
_eLIBRO
_h31638
_i33724
_si
_t50.00
999 _c28641
_d28641